000
00293nam a2200133Ia 4500
100
_a
Champion & Arnold
942
_c
BK
654
_a
vechicles
245
_a
Motor Vechicles Calculations & Science
260
_b
Edward Arnold
_c
2001
082
_a
629.2
300
_a
374
546
_a
ENGLISH
999
_c
18908
_d
18908